|
|
|
|
| LEADER |
00821nab#a2200301#ar4500 |
| 001 |
000004331 |
| 003 |
SVKKK |
| 005 |
20030731134054.0 |
| 008 |
030731c1997 e sloo |
| FMT |
|
|
|
| 038 |
|
|
|a SVKKK
|
| 040 |
|
|
|a SVKKK
|b slo
|e AACR2
|
| 041 |
0 |
|
|a slo
|
| 080 |
|
|
|a 061.2
|2 1981
|
| 100 |
1 |
|
|a Fecurková, Magdaléna
|4 aut
|
| 245 |
1 |
0 |
|a Ide o dôstojnú starobu :
|b S Evou Rezešovou o nadácii Rytmus tretieho veku
|c Fecurková Magdaléna, , Rezešová Eva
|
| 260 |
|
|
|c 1997
|
| 650 |
0 |
4 |
|a aktivity
|z Košice
|
| 650 |
0 |
4 |
|a nadácie
|z Rytmus tretieho veku (nadácia)
|
| 650 |
0 |
4 |
|a rozhovory
|
| 700 |
1 |
|
|a Rezešová, Eva
|4 aut
|
| 773 |
0 |
|
|t Košický večer
|g Roč. 8, č. 71(1997), dát. 0415, s. 4
|
| 957 |
|
|
|a Košice
|
| 974 |
|
|
|a Cr
|
| 992 |
|
|
|a RBX
|
| BAS |
|
|
|
| 852 |
|
|
|a SVKKK
|b BIB
|
| 998 |
|
|
|a REG
|